Miasta w województwie pomorskim - nagła śmierć - Statystyki

Ogólne statystyki
  • Ten quiz został rozwiązany 1 124 razy
  • Średni wynik to 12 z 20
Answers on the Grid
Answers color-coded by a green-red scale on the quiz's grid according to % correct below.
Gdańsk
Gdynia
Szczecin
Sopot
Słupsk
Chojna
Chojnice
Mielno
Lębork
Grójec
Pelplin
Garwolin
Tarnów
Wolin
Puck
Mikołajki
Hel
Mrągowo
Kartuzy
Krosno
Władysławowo
Gostyń
Tczew
Pilica
Kutno
Krynica Morska
Jastarnia
Biłgoraj
Łobez
Skórcz
Kraśnik
Elbląg
Toruń
Ełk
Rumia
Pułtusk
Legionowo
Bydgoszcz
Kwidzyn
Łask
Kościan
Jastrzębie-Zdrój
Kołobrzeg
Koszalin
Łeba
Stepnica
Malbork
Grudziądz
Hrubieszów
Bytów
 
Statystyki odpowiedzi
Odpowiedź % Poprawnych
Gdańsk
99%
Gdynia
97%
Sopot
92%
Słupsk
79%
Hel
69%
Władysławowo
64%
Lębork
63%
Chojnice
61%
Puck
60%
Tczew
58%
Kartuzy
54%
Rumia
54%
Jastarnia
52%
Krynica Morska
52%
Malbork
52%
Łeba
50%
Pelplin
45%
Bytów
43%
Kwidzyn
41%
Skórcz
25%
Nie znaleziono quizów pasujących do podanych kryteriów
Rozkład punktacji
Procent ludzi z każdym wynikiem
Percentyl według liczby udzielonych odpowiedzi
Twoja historia wyników
Nie rozwiązałeś tego quizu